The best of branding : (Record no. 344190)
[ view plain ]
| 000 -LEADER | |
|---|---|
| fixed length control field | 01290 a2200205 4500 |
| 020 ## - INTERNATIONAL STANDARD BOOK NUMBER | |
| International Standard Book Number | 0071403299 |
| 020 ## - INTERNATIONAL STANDARD BOOK NUMBER | |
| International Standard Book Number | 9780071403290 |
| 082 04 - DEWEY DECIMAL CLASSIFICATION NUMBER | |
| Classification number | 658.827 |
| 090 ## - LOCALLY ASSIGNED LC-TYPE CALL NUMBER (OCLC); LOCAL CALL NUMBER (RLIN) | |
| -- | 1675 |
| -- | 1675 |
| 100 1# - MAIN ENTRY--PERSONAL NAME | |
| Personal name | Gregory, James. |
| 245 14 - TITLE STATEMENT | |
| Title | The best of branding : |
| Remainder of title | best practices in corporate building / |
| Statement of responsibility, etc. | James Gregory. |
| 250 ## - EDITION STATEMENT | |
| Edition statement | 1st ed. |
| 260 ## - PUBLICATION, DISTRIBUTION, ETC. | |
| Place of publication, distribution, etc. | [S.l.] : |
| Name of publisher, distributor, etc. | McGraw-Hill, |
| Date of publication, distribution, etc. | 2003. |
| 300 ## - PHYSICAL DESCRIPTION | |
| Extent | 288 p. ; |
| Dimensions | 24 cm. |
| 500 ## - GENERAL NOTE | |
| General note | Hardcover. |
| 520 ## - SUMMARY, ETC. | |
| Summary, etc. | In The Best of Branding , branding pioneer Jim Gregory publishes --for the first time ever--findings from his revolutionary Corporate Branding Index�. This index, which for more than a decade has compiled branding results from more than 1,000 companies, is today's most influential and exhaustive database on what works, what doesn't, and why. In-depth interviews with the executives responsible for today's most dominant brands discuss best and worst strategies for building a durable brand. Companies profiled include AFLAC, Harley-Davidson, Johnson & Johnson, General Electric, Southwest Airlines, and more. |
| 856 40 - ELECTRONIC LOCATION AND ACCESS | |
| Materials specified | Amazon.com |
| Uniform Resource Identifier | <a href="http://www.amazon.com/exec/obidos/ASIN/0071403299/chopaconline-20">http://www.amazon.com/exec/obidos/ASIN/0071403299/chopaconline-20</a> |
| 856 40 - ELECTRONIC LOCATION AND ACCESS | |
| Materials specified | Amazon customer reviews |
| Uniform Resource Identifier | <a href="http://www.chopac.org/cgi-bin/tools/azrev.pl?q=0071403299">http://www.chopac.org/cgi-bin/tools/azrev.pl?q=0071403299</a> |
| 942 ## - ADDED ENTRY ELEMENTS (KOHA) | |
| Institution code [OBSOLETE] | NBS |
| Koha item type | Book |
| Call number prefix | 658.827 GRE |
| Withdrawn status | Lost status | Damaged status | Not for loan | Permanent Location | Current Location | Date acquired | Total Checkouts | Full call number | Barcode | Date last seen | Date last checked out | Price effective from | Koha item type |
|---|---|---|---|---|---|---|---|---|---|---|---|---|---|
| Central Library (CL) | Central Library (CL) | 08/28/2013 | 1 | 658.827 GRE | NBS5482 | 02/19/2016 | 09/18/2015 | 08/28/2013 | Book |
